<?xml version="1.0" encoding="UTF-8"?>
<collection xmlns="http://www.loc.gov/MARC21/slim">
 <record>
  <leader>02292nam a2200217Ia 4500</leader>
  <controlfield tag="001">CTU_231336</controlfield>
  <controlfield tag="008">210402s9999    xx            000 0 und d</controlfield>
  <datafield tag="082" ind1=" " ind2=" ">
   <subfield code="a">338.4096</subfield>
  </datafield>
  <datafield tag="082" ind1=" " ind2=" ">
   <subfield code="b">S957</subfield>
  </datafield>
  <datafield tag="100" ind1=" " ind2=" ">
   <subfield code="a">Sun, Irene Yuan</subfield>
  </datafield>
  <datafield tag="245" ind1=" " ind2="4">
   <subfield code="a">The next factory of the world :</subfield>
  </datafield>
  <datafield tag="245" ind1=" " ind2="0">
   <subfield code="b">How Chinese investment is reshaping Africa</subfield>
  </datafield>
  <datafield tag="245" ind1=" " ind2="0">
   <subfield code="c">Irene Yuan Sun</subfield>
  </datafield>
  <datafield tag="260" ind1=" " ind2=" ">
   <subfield code="a">Boston, Massachusetts</subfield>
  </datafield>
  <datafield tag="260" ind1=" " ind2=" ">
   <subfield code="b">Harvard Business Review Press</subfield>
  </datafield>
  <datafield tag="260" ind1=" " ind2=" ">
   <subfield code="c">2017</subfield>
  </datafield>
  <datafield tag="520" ind1=" " ind2=" ">
   <subfield code="a">China is now the biggest foreign player in Africa: largest trade partner, largest infrastructure financier, and fastest-growing source of foreign direct investment. Chinese entrepreneurs are flooding into Africa, investing in long-term assets, such as factories and heavy equipment. The fact that China sees Africa not for its poverty but for its potential wealth is a striking departure from the attitude of the West, in particular the United States. For fifty years the West has engaged in countless poverty-alleviation and development-aid programs in Africa, yet Africa still has the largest number of people living in extreme poverty of any region in the world. Considering Africa's difficult history of colonialism, one might suspect that the current story of China in Africa is merely a story about exploitation of resources. Author Irene Yuan Sun follows these entrepreneurs and finds, instead, that they are factory owners, building in Africa what they so recently learned to build in China--a global manufacturing powerhouse. This gives rise to a tantalizing possibility: that Africa can industrialize in the coming generation. With a manufacturing-led transformation, Africa would be following in the footsteps of the United States in the nineteenth century, Japan in the early twentieth, and the Asian Tigers in the late twentieth century. Many may consider this an old-fashioned way to develop, but it's the only one that's proven to raise living standards across entire societies for generations. And with every new Chinese factory boss setting up machinery and hiring African workers, that possibility becomes more real for Africa.</subfield>
  </datafield>
  <datafield tag="650" ind1=" " ind2=" ">
   <subfield code="a">Đầu tư, Trung Quốc,Investments, Chinese</subfield>
  </datafield>
  <datafield tag="650" ind1=" " ind2=" ">
   <subfield code="z">Châu Phi,Africa</subfield>
  </datafield>
  <datafield tag="910" ind1=" " ind2=" ">
   <subfield code="b">dqhieu</subfield>
  </datafield>
  <datafield tag="980" ind1=" " ind2=" ">
   <subfield code="a">Trung tâm Học liệu Trường Đại học Cần Thơ</subfield>
  </datafield>
 </record>
</collection>
